000 01348cam a2200253 4500
001 L130181
002 8712
008 050630n2005 000 0 eng u
020 _a0415363152
035 _a(Sirsi) u130181
041 0 _aeng
050 0 4 _a692.5 $2 18
110 2 _aFranklin and Andrews
_92518
245 _aSpon's Middle East construction handbook
250 _a2nd ed.
260 _aLondon
_bTaylor and Francis
_c2005
300 _axi, 369p.
_c24cm.
350 _a170
520 _aUpdated and revised new edition with additional reference to civil engineering and infrastructure projects with increased supplementary information. Covers 13 countries: Bahrain, Egypt, Iran, Iraq, Jordan, Kuwait, Lebanon, Libya, Oman, Qatar, Saudi Arabia, Syria and UAE. Information provided includes key data on main economic and construction indicators, outline of the national construction industry, labour and materials cost data, measured rates for a range of construction work items, approximate estimating costs for a range of building types, price index data and exchange rate movements gains £ sterling and UK$ and addresses of public and private construction related organisations. Includes a comparative data section.
590 _aIKA300805
651 4 _aMiddle East
690 _aBUILT ENVIRONMENT-BUILDING COSTS
942 _n0
999 _c104381
_d104381